धनी माझ्या कुंकवाचा (Record no. 1012082)

MARC details
000 -LEADER
fixed length control field 00639nam a2200181Ia 4500
008 - FIXED-LENGTH DATA ELEMENTS--GENERAL INFORMATION
fixed length control field 151018s9999 xx 000 0 und d
082 ## - DEWEY DECIMAL CLASSIFICATION NUMBER
Item number RBASDV9718
Classification number 891.462
100 ## - MAIN ENTRY--PERSONAL NAME
Personal name बन्सिलाल हांडे
245 ## - TITLE STATEMENT
Title धनी माझ्या कुंकवाचा
250 ## - EDITION STATEMENT
Remainder of edition statement 1
260 ## - PUBLICATION, DISTRIBUTION, ETC. (IMPRINT)
Name of publisher, distributor, etc के वा जोशी
Date of publication, distribution, etc 1973
300 ## - PHYSICAL DESCRIPTION
Extent 68
600 ## - SUBJECT ADDED ENTRY--PERSONAL NAME
Personal name बन्सिलाल हांडे
630 ## - SUBJECT ADDED ENTRY--UNIFORM TITLE
Uniform title धनी माझ्या कुंकवाचा
700 ## - ADDED ENTRY--PERSONAL NAME
Personal name बन्सिलाल हांडे
730 ## - ADDED ENTRY--UNIFORM TITLE
Uniform title धनी माझ्या कुंकवाचा
942 ## - ADDED ENTRY ELEMENTS (KOHA)
Koha item type Book
Holdings
Withdrawn status Lost status Damaged status Not for loan Home library Current library Date acquired Cost, normal purchase price Total Checkouts Full call number Barcode Date last seen Cost, replacement price Price effective from Koha item type
        R.B. Anant Shivaji Desai Vachanalaya and Granthalaya, Kudal R.B. Anant Shivaji Desai Vachanalaya and Granthalaya, Kudal 03/31/1975 18.00   RBASDV9718 RBASDV9718 10/18/2015 18.00 10/18/2015 Book